000 00435nam a2200181Ia 4500
001 17544
005 20260306171525.0
008 260306s9999||||xx |||||||||||||| ||und||
041 _aESP
082 _a658.02
_bR68
100 _aRivero Herrera, Edgard
_eAUT
245 0 _aEstrategias para el desarrollo exportador de las PYMES
260 _c1997
300 _a
_c
650 _aGEN
654 _aCAN
942 _cLIB
_dJUS
_fJUS
_2ddc
_n
999 _c17544
_d17544